| 000 | 00619nam a22001817a 4500 | ||
|---|---|---|---|
| 005 | 20231108095649.0 | ||
| 008 | 231108b |||||||| |||| 00| 0 eng d | ||
| 020 | _a0799304913 | ||
| 041 | _aAfrikaans | ||
| 082 | _a346.3 VAN | ||
| 100 |
_aVan der Merwe, NJ en Olivier, PJJ _lAfrikaans |
||
| 245 |
_aDie onregmatige daad in die Suid-Afrikaanse reg / _cNJ Van der Merwe en PJJ Olivier |
||
| 250 | _aVierde Uitgawe | ||
| 260 |
_aPretoria : _bJ.P. Van der Walt en Seun (EDMS) Bpk, _c1980 |
||
| 300 |
_blxxi, 584 pages ; _c23,5 cm. |
||
| 650 |
_aLegal practice _bLaw |
||
| 942 |
_cBK _6ALISON_BN_VRIES |
||
| 999 |
_c413 _d413 |
||